| 000 | 00586nam a2200181 i 4500 | ||
|---|---|---|---|
| 001 | 84431 | ||
| 003 | ES-MaACL | ||
| 005 | 20251108134029.0 | ||
| 007 | t| | ||
| 008 | 041122s1922 sp ||||1| spa d | ||
| 100 | 1 |
_aJimeno Gil, Emilio. _966649 |
|
| 245 | 1 | 0 |
_aMetalografía aplicada a los productos siderúrgicos / _cpor Emilio Jimeno Gil ; con un prólogo de Blas Cabrera Felipe. |
| 260 |
_aCalatayud : _bRuiz y Gracia, _c1922. |
||
| 300 |
_aIX, 167 p., 40 lám. ; _c22 cm. |
||
| 700 | 1 |
_aCabrera, Blas, _d1878-1945 _933279 |
|
| 852 |
_aES-MaACL _jB-1861 |
||
| 999 |
_c84431 _d84431 |
||